000
00278nam a2200109Ia 4500
005
20251222154336.0
008
251222s9999||||xx |||||||||||||| ||spa||
082
_a
868.6/G49A
100
_a
"Gironella, José María"
245
0
_a
En Asia se muere bajo las estrellas
942
_c
LIB
999
_c
34339
_d
34339